Statistics for Countries Closest to Tokyo

Click here to take the quiz!

General Stats

  • This quiz has been taken 114 times
  • The average score is 18 of 20

Answer Stats

Distance (km)Distance (mi)Country% Correct
1,085675China
99%
00Japan
99%
1,047651North Korea
98%
942585Russia
98%
919571South Korea
98%
3,4542,146Vietnam
96%
3,9622,462Cambodia
95%
3,8052,365Laos
95%
3,9972,484Thailand
95%
3,6572,273Indonesia
94%
2,0221,256Taiwan
94%
2,3691,472Philippines
92%
1,7511,088United States / Northern Mariana Islands
92%
2,0541,277Mongolia
90%
3,9672,465Myanmar
88%
3,8802,411Malaysia
87%
4,0742,531Papua New Guinea
79%
2,8351,761FS Micronesia
76%
3,0881,919Palau
73%
3,4902,168Marshall Islands
71%

Score Distribution

Percentile by Number Answered

Percent of People with Each Score

Your Score History

You have not taken this quiz